[Event "Kuopio KSY op-A"]
[Site "Kuopio"]
[Date "2019.04.28"]
[Round "4"]
[White "Luukkonen, Tommi"]
[Black "Komulainen, Lauri"]
[Result "1-0"]
[WhiteElo "2358"]
[BlackElo "2011"]
[PlyCount "31"]
[EventDate "2019.04.27"]
[EventType "swiss"]
[EventRounds "5"]
[EventCountry "FIN"]
[SourceTitle "EXT 2021"]
[Source "ChessBase"]
[SourceDate "2020.10.23"]
[SourceVersion "1"]
[SourceVersionDate "2020.10.23"]
[SourceQuality "1"]

1. e4 c6 2. d4 d5 3. e5 Bf5 4. Nf3 e6 5. Be2 c5 6. Be3 cxd4 7. Nxd4 Ne7 8. Nd2 Nbc6 9. N2f3 h6 10. 0-0 Bh7 11. c4 g5 12. cxd5 Nxd4 13. Nxd4 Qxd5 14. Qa4+ Nc6 15. Nxc6 bxc6 16. Bf3 1-0

[Event "Helsinki HSL Easter op"]
[Site "Helsinki"]
[Date "2019.04.20"]
[Round "2"]
[White "Komulainen, Lauri"]
[Black "Lehtinen, Helja"]
[Result "1-0"]
[WhiteElo "1963"]
[BlackElo "1659"]
[PlyCount "89"]
[EventDate "2019.04.19"]
[EventType "swiss"]
[EventRounds "6"]
[EventCountry "FIN"]
[SourceTitle "CBM 195 Extra"]
[Source "ChessBase"]
[SourceDate "2020.05.31"]
[SourceVersion "1"]
[SourceVersionDate "2020.05.31"]
[SourceQuality "1"]

1. d4 Nf6 2. c4 g6 3. Nc3 Bg7 4. e4 d6 5. Nf3 0-0 6. Be2 Nbd7 7. Be3 e5 8. 0-0 c6 9. Qd2 Ng4 10. Bg5 f6 11. Bh4 Nh6 12. Rfd1 Nf7 13. d5 a5 14. Na4 Qc7 15. a3 h6 16. b4 Nb6 17. Nb2 Nd7 18. Ne1 c5 19. f3 f5 20. Ned3 f4 21. bxc5 Nxc5 22. Nxc5 Qxc5+ 23. Bf2 Qc7 24. Rac1 Bd7 25. c5 dxc5 26. Rxc5 Qd8 27. Rdc1 g5 28. Rc7 b5 29. Rb7 Nd6 30. Bb6 Qe8 31. Rbc7 a4 32. Qb4 Nf7 33. Bc5 Qd8 34. Be7 Qe8 35. Nd3 Rc8 36. d6 Nxd6 37. Bxd6 Rf7 38. Qa5 Rxc7 39. Rxc7 Qe6 40. Qb4 Rf6 41. Bxe5 Bf8 42. Qc3 Rf7 43. Nb4 Re7 44. Bd4 Re8 45. Nd5 1-0

[Event "Lahti We LahS A"]
[Site "Lahti"]
[Date "2018.08.19"]
[Round "4"]
[White "Komulainen, Lauri"]
[Black "Kivimaki, Kasper"]
[Result "1/2-1/2"]
[WhiteElo "1967"]
[BlackElo "1895"]
[PlyCount "80"]
[EventDate "2018.08.18"]
[EventType "swiss"]
[EventRounds "4"]
[EventCountry "FIN"]
[SourceTitle "EXT 2022"]
[Source "ChessBase"]
[SourceDate "2021.10.06"]
[SourceVersion "1"]
[SourceVersionDate "2021.10.06"]
[SourceQuality "1"]

1. d4 Nf6 2. c4 c5 3. d5 e5 4. Nc3 d6 5. e4 Be7 6. Nf3 Nbd7 7. Be2 Nf8 8. b4 cxb4 9. Qa4+ N6d7 10. Qxb4 Ng6 11. 0-0 0-0 12. Ne1 Nc5 13. Nd3 b6 14. Be3 Bg5 15. Bxc5 bxc5 16. Qa4 a6 17. Qc6 Bd7 18. Qb7 Bd2 19. Nd1 Qe7 20. Rb1 Rfd8 21. Rb2 Qg5 22. f4 Bxf4 23. Nxf4 Nxf4 24. Bf3 g6 25. Qc7 Bg4 26. Bxg4 Qxg4 27. g3 Rd7 28. Rb8+ Rxb8 29. Qxb8+ Kg7 30. Nf2 Nh3+ 31. Nxh3 Qxh3 32. Qc8 Qg4 33. Re1 h5 34. Kf2 h4 35. Rg1 hxg3+ 36. hxg3 Kf6 37. Rh1 Qxe4 38. Qxd7 Qd4+ 39. Kg2 Qe4+ 40. Kh2 Qe2+ 1/2-1/2

[Event "Lahti We LahS A"]
[Site "Lahti"]
[Date "2018.08.18"]
[Round "2"]
[White "Komulainen, Lauri"]
[Black "Laasanen, Teemu"]
[Result "0-1"]
[WhiteElo "1967"]
[BlackElo "2113"]
[PlyCount "146"]
[EventDate "2018.08.18"]
[EventType "swiss"]
[EventRounds "4"]
[EventCountry "FIN"]
[SourceTitle "EXT 2022"]
[Source "ChessBase"]
[SourceDate "2021.10.06"]
[SourceVersion "1"]
[SourceVersionDate "2021.10.06"]
[SourceQuality "1"]

1. d4 Nf6 2. c4 e6 3. Nf3 b6 4. e3 Bb7 5. Nbd2 c5 6. Bd3 cxd4 7. exd4 d5 8. 0-0 Be7 9. Re1 dxc4 10. Nxc4 Nc6 11. Nce5 0-0 12. Be3 Nb4 13. Bb1 Rc8 14. a3 Nbd5 15. Qd3 Nxe3 16. Qxe3 Nd5 17. Qd3 g6 18. g3 Bf6 19. h4 Rc7 20. h5 Qc8 21. Ng4 Rc1 22. Qd2 Rxe1+ 23. Qxe1 Bg7 24. Nge5 Qc7 25. Bd3 Rc8 26. Qd2 f6 27. Ng4 gxh5 28. Nh6+ Bxh6 29. Qxh6 Qg7 30. Qxg7+ Kxg7 31. Nd2 h4 32. Ne4 hxg3 33. fxg3 Ne7 34. Nd6 Rb8 35. Rc1 Bc6 36. Rd1 Rd8 37. Nb5 Bxb5 38. Bxb5 e5 39. Rc1 Rxd4 40. Rc7 Kf8 41. Rxa7 Rd1+ 42. Kg2 Rd2+ 43. Kh3 Rxb2 44. Ra8+ Kg7 45. a4 f5 46. Rb8 Nd5 47. Rb7+ Kh6 48. Bd7 Ne3 49. a5 Kg5 50. Rxb6 Ra2 51. Be6 Rxa5 52. Rb3 Ng4 53. Rb8 e4 54. Rg8+ Kf6 55. Bd7 Ra2 56. Bxf5 Kxf5 57. Rg5+ Kf6 58. Rxg4 Kf5 59. Rg8 e3 60. Re8 e2 61. Re7 h5 62. Re8 h4 63. gxh4 Kf4 64. Re7 Ra3+ 65. Kg2 Re3 66. Rf7+ Ke4 67. Re7+ Kd3 68. Rd7+ Kc2 69. Rc7+ Kd2 70. Rd7+ Rd3 71. Re7 e1Q 72. Rxe1 Kxe1 73. h5 Kd2 0-1

[Event "Heart of Finland op 28th"]
[Site "Jyvaskyla"]
[Date "2018.07.18"]
[Round "4"]
[White "Komulainen, Lauri"]
[Black "Galchenko, Vadim"]
[Result "0-1"]
[WhiteElo "1935"]
[BlackElo "2107"]
[PlyCount "128"]
[EventDate "2018.07.16"]
[EventType "swiss"]
[EventRounds "9"]
[EventCountry "FIN"]
[SourceTitle "CBM 185 Extra"]
[Source "ChessBase"]
[SourceDate "2018.07.29"]
[SourceVersion "1"]
[SourceVersionDate "2018.07.29"]
[SourceQuality "1"]

1. d4 Nf6 2. c4 e6 3. Nf3 Bb4+ 4. Nbd2 0-0 5. e3 Nc6 6. a3 Bxd2+ 7. Qxd2 d6 8. b4 Qe7 9. Bb2 b6 10. Qc2 Bb7 11. Rd1 Nb8 12. Be2 Nbd7 13. 0-0 Ne4 14. d5 f5 15. dxe6 Qxe6 16. c5 bxc5 17. bxc5 Ndxc5 18. Bd4 Kh8 19. Bc4 Qg6 20. Nh4 Qh6 21. Qb2 Rab8 22. Rb1 Nd7 23. g3 c5 24. Be6 Qxe6 25. Bxg7+ Kg8 26. Bxf8 Nxf8 27. f3 Nf6 28. Qe2 N8d7 29. Rb2 Nb6 30. Qd3 c4 31. Qxf5 Qxe3+ 32. Rff2 Qe5 33. Qb1 Bc8 34. Rbe2 Qc5 35. Re7 Nbd5 36. Qxb8 Nxe7 37. Kg2 Qb6 38. Qa8 Qb7 39. Qxb7 Bxb7 40. Rc2 Nfd5 41. Kf2 c3 42. Ng2 Bc6 43. Ne1 Ba4 44. Re2 Kf7 45. g4 Ng6 46. Re4 Bb3 47. Nd3 a5 48. Rd4 a4 49. f4 c2 50. f5 Ne5 51. Nc1 Nc6 52. Rd3 Kf6 53. Rh3 Ne5 54. Rh6+ Kg5 55. Rxh7 Nxg4+ 56. Ke1 Kxf5 57. h4 Nde3 58. Rb7 Nc4 59. Ne2 Nge3 60. Rxb3 axb3 61. Nd4+ Ke4 62. Nxb3 Ng2+ 63. Ke2 Nxh4 64. a4 Nf3 0-1

[Event "FIN-chT1B 1718"]
[Site "Finland"]
[Date "2018.02.03"]
[Round "6.7"]
[White "Nyrhinen, Harri"]
[Black "Komulainen, Lauri"]
[Result "1-0"]
[WhiteElo "2010"]
[BlackElo "1928"]
[PlyCount "81"]
[EventDate "2017.09.16"]
[EventType "team-tourn"]
[EventRounds "7"]
[EventCountry "FIN"]
[SourceTitle "EXT 2020"]
[Source "ChessBase"]
[SourceDate "2019.10.17"]
[SourceVersion "1"]
[SourceVersionDate "2019.10.17"]
[SourceQuality "1"]
[WhiteTeam "Helsinki LauttSK"]
[BlackTeam "Lahti S"]
[WhiteTeamCountry "FIN"]
[BlackTeamCountry "FIN"]

1. e4 c6 2. d4 d5 3. Nc3 dxe4 4. Nxe4 Bf5 5. Ng3 Bg6 6. Nf3 Nd7 7. h4 h6 8. h5 Bh7 9. Bd3 Bxd3 10. Qxd3 e6 11. Bd2 Ngf6 12. Qe2 Be7 13. 0-0-0 0-0 14. Ne5 c5 15. Nxd7 Qxd7 16. dxc5 Qa4 17. Kb1 Rfc8 18. Nf5 Bxc5 19. Rh4 Qc6 20. Ne3 Ne4 21. c3 Rd8 22. f3 Ng3 23. Qe1 Bxe3 24. Bxe3 Nf5 25. Re4 Rd7 26. Rxd7 Qxd7 27. Qd2 Qe7 28. g4 Rd8 29. Qf2 Nxe3 30. Qxe3 Rd1+ 31. Kc2 Qd6 32. Qe2 Rd5 33. a3 Qb6 34. Rb4 Qc6 35. Rc4 Qd7 36. Qe3 Qb5 37. Rc8+ Kh7 38. Qe4+ f5 39. Qxe6 Qd3+ 40. Kb3 Qb5+ 41. Ka2 1-0